Pachom, Saveta i Bulanyj

Podrobná bibliografia
Hlavný autor: Meľnyčuk, Bohdan Ivanovyč, 1952- (Autor)
Médium: Článok
Jazyk:ukrajinčina
ISSN:0419-8131
Predmet:

MARC

LEADER 00000nab a2200000 a 4500
001 vtls011727688
003 SK-MaSNL
005 20260303083225.0
008 171215c2017 xo br p ||00 c0ukr
015 |a SNBRB2017/12 
038 |a SVKPOCL 
040 |a SVKPOCL  |b slo  |c SVKPOCL  |e AACR2 
041 0 |a ukr 
044 |a xo  |c SK 
080 |a 821.161.2-3  |2 2011 
080 |a (477)  |2 2011 
080 |a 821.161.2-32  |2 2011 
100 1 |a Meľnyčuk, Bohdan Ivanovyč,  |d 1952-  |4 aut  |9 1089402 
245 1 0 |a Pachom, Saveta i Bulanyj  |c Bohdan Meľnyčuk 
500 |a V rubrike Proza 
650 0 7 |a ukrajinské poviedky  |2 svkpocl  |9 253127 
650 0 7 |a ukrajinská próza  |2 SNKPH  |9 82745 
650 0 7 |a poviedky  |2 svkpocl  |9 268203 
650 0 7 |a ukrajinská literatúra  |2 SNKPH  |9 1218 
650 0 7 |a ukrajinské novely  |2 svkpocl  |9 182833 
773 0 |t Duklja  |g Rik vydannja 65, No 5 (2017), s. 40-42  |x 0419-8131 
852 |a SVKPO  |b KIS3GCP 
958 |a SS 
958 |a LX 
958 |a UA 
999 |c 1790804  |d 1792734